000 00574nam a2200157 4500
999 _c16962
_d16962
008 220524b ||||| |||| 00| 0 eng d
022 _a0117-3308
082 _aDPer 004.1105 C73 Sept 2010 - April 2011 v. 20 n. 3-9
100 _aTuazon, John Mark V.
_945004
245 _aDynamic resource management with virtualization/
_cJohn Mark V. Tuazon.
260 _aPhilippines:
_bSchneider Electric,
_c©2010-2011.
300 _av20 n7, page 26:
_bcolor illustrations;
_c27 cm.
500 _aComputer world.
650 _aComputer networks
_xManagement.
_945207
942 _2ddc
_cPER